Voxographie de Bruno Choël en images - Statistiques

Statistiques générales
  • Ce quiz a été pris 203 fois
  • Le résultat moyen est 7 sur 16
Statistiques - réponses
Par images Réponse % Correct
Jack Sparrow
97%
Obi-Wan Kenobi
83%
le Chapelier fou
68%
Rango
67%
Gellert Grindelwald
51%
Wade Wilson / Deadpool
51%
le Prince Éric
48%
Jon Arbuckle
46%
Commode
40%
Nathan Drake
39%
Sephiroth
36%
Carlisle Cullen
26%
Jean-Christophe
24%
Kenaï
14%
Roman Sionis / Black Mask
13%
Pongo
11%
Aucun quiz correspondant
Distribution des résultats
% des personnes avec chaque résultat
Percentile par nombre de réponses
Votre historique - résultats
Vous n’avez pas pris ce quiz